000 00795nam a2200205 i 4500
001 106971
003 ES-MaACL
005 20250722022926.0
008 061121s1944 sp |||| | spa d
100 1 _aMoreno Villa, José,
_d1887-1955
_983443
245 1 0 _aLeyendo a San Juan de la Cruz, Garcilaso, Fr. Luis de León, Bécquer, Rubén Darío, Juan Ramón Jiménez, Jorge Guillén, Federico García Lorca, Antonio Machado, Goya, Picasso /
_cJosé Moreno Villa.
250 _a1ª ed.
260 _aMéxico :
_bEl Colegio de México,
_c1944.
300 _a155 p. ;
_c17 cm.
650 0 4 _aPoesía española-
_xHistoria y crítica.
_916166
650 0 7 _aArte español
_2embne
_910189
710 2 _aColegio de México.
_92911
852 _aES-MaACL
_jB-12885
999 _c106971
_d106971